[Event "BL 2017-18"]
[Site "Germany"]
[Date "2018.03.11"]
[Round "12"]
[White "Heimann, Andreas"]
[Black "Ernst, Sipke"]
[Result "1/2-1/2"]
[WhiteElo "2574"]
[BlackElo "2529"]
[Annotator "TA"]
[PlyCount "73"]
[EventDate "2018.05.24"]
[EventType "team-tourn"]
[EventCountry "GER"]
[SourceTitle "playchess.com"]
[Source "ChessBase"]
[SourceQuality "1"]
[WhiteTeam "SF Deizisau"]
[BlackTeam "Hamburg SK"]

{[%evp 17,73,0,0,-2,0,0,5,0,22,32,25,22,52,45,45,38,38,38,41,36,36,41,48,41,52,44,62,60,58,26,27,27,27,26,25,20,22,20,20,20,25,25,25,25,25,25,25,25,25,25,25,23,25,0,0,0,25,0]} 1. e4 e5 2. Nf3 Nc6 3. Nc3 Nf6 4. d4 exd4 5. Nxd4 Bb4 6. Nxc6 bxc6 7. Bd3 d5 8. exd5 O-O 9. O-O cxd5 10. h3 {C47: Scotch Four Knights and Four Knights with 4 g3} Rb8 11. Qf3 Bb7 12. Bg5 {The position is equal.} d4 13. Ne4 Bxe4 14. Bxe4 h6 15. Bxf6 Qxf6 16. Qxf6 gxf6 {[#]} 17. Rfd1 $146 ({Predecessor:} 17. Bd3 Bd6 {½-½ (58) Malakhov,V (2707)-Fressinet,L (2708) Tromsoe 2013}) 17... Bc5 18. Rab1 Rfe8 19. Bd3 a5 20. Bc4 Kf8 21. Rd3 Rb4 22. b3 Rb6 23. c3 dxc3 24. Rxc3 Re5 25. Rf3 Rd6 26. g3 Kg7 27. Rb2 Rd1+ 28. Kg2 Bd4 29. Rc2 c5 30. Rd3 Ra1 31. Rdd2 f5 32. Re2 Rxe2 33. Rxe2 Kf6 34. Bd3 Rd1 35. Bc2 Ra1 36. Bd3 Rd1 37. Bc2 {Precision: White = 67%, Black = 73%.} 1/2-1/2

[Event "BL 2017-18"]
[Site "Germany"]
[Date "2018.03.11"]
[Round "12"]
[White "Graf, Alexander"]
[Black "Lampert, Jonas"]
[Result "1/2-1/2"]
[WhiteElo "2566"]
[BlackElo "2532"]
[Annotator "TA"]
[PlyCount "53"]
[EventDate "2018.05.24"]
[EventType "team-tourn"]
[EventCountry "GER"]
[SourceTitle "playchess.com"]
[Source "ChessBase"]
[SourceQuality "1"]
[WhiteTeam "SF Deizisau"]
[BlackTeam "Hamburg SK"]

{[%evp 15,53,27,22,19,19,-19,-19,-14,-23,-12,-20,-21,-12,-20,20,27,23,20,23,21,18,18,21,16,11,16,12,12,11,15,44,13,19,10,15,9,12,0,0,0]} 1. d4 d5 2. c4 c6 3. cxd5 cxd5 4. Nc3 Nc6 5. Bf4 Nf6 6. e3 Bf5 7. Qb3 Na5 8. Bb5+ {D10: Slav Defence: 3 cxd5 (without early Nf3) and 3 Nc3} Bd7 $1 {LiveBook: 104 Games} 9. Qc2 e6 10. Nf3 $146 ({Predecessor:} 10. Bd3 Rc8 11. Nf3 Be7 12. h3 O-O 13. O-O a6 14. Rfc1 Bb5 15. Bxb5 axb5 {1-0 (65) Volkov,S (2611)-Rublevsky,S (2692) Cheboksary 2016}) 10... Bxb5 11. Nxb5 {[#] Threatens to win with Nc7+.} Bb4+ 12. Ke2 {aiming for Nc7+.} O-O 13. Rhc1 Nc6 14. Qb3 Qb6 15. Nc7 Rac8 {[#] ...Nh5 is the strong threat.} 16. a3 Ba5 17. Qxb6 Bxb6 18. Nb5 Ne4 19. b4 a6 20. Nd6 Nxd6 21. Bxd6 Rfd8 22. Bg3 Bc7 23. Ne1 Bxg3 {The position is equal.} 24. hxg3 Kf8 25. Nd3 b6 26. a4 a5 27. Rab1 {Precision: White = 49%, Black = 57%.} 1/2-1/2

[Event "BL 2017-18"]
[Site "Germany"]
[Date "2018.03.11"]
[Round "12"]
[White "Wagner, Dennis"]
[Black "Smeets, Jan"]
[Result "1-0"]
[WhiteElo "2557"]
[BlackElo "2608"]
[Annotator "TA"]
[PlyCount "93"]
[EventDate "2018.05.24"]
[EventType "team-tourn"]
[EventCountry "GER"]
[SourceTitle "playchess.com"]
[Source "ChessBase"]
[SourceQuality "1"]
[WhiteTeam "Hockenheim"]
[BlackTeam "Solingen"]

{[%evp 19,93,54,83,80,67,64,110,106,101,102,142,29,180,183,221,198,187,197,197,114,203,191,191,106,108,117,201,209,211,221,403,395,392,402,402,406,405,403,535,525,502,518,480,347,345,320,315,322,267,258,258,258,256,235,235,231,322,305,319,325,324,308,394,332,404,225,575,573,5197,5058,29991,29991,29991,29990,29990,29991]} 1. d4 d5 2. c4 c6 3. Nc3 dxc4 4. e4 b5 5. a4 a6 6. axb5 {D10: Slav Defence: 3 cxd5 (without early Nf3) and 3 Nc3} (6. Nf3 e6 7. Be2 Nf6 8. axb5 cxb5 9. Nxb5 axb5 10. Rxa8 Bb7 11. Ra1 Bb4+ 12. Bd2 Bxd2+ 13. Qxd2 Nxe4 {0-1 (36) Korobov,A (2652)-Andreikin,D (2712) Huaian 2017}) 6... cxb5 7. Nxb5 axb5 8. Rxa8 Bb7 9. Ra1 e6 10. Ne2 Bxe4 {LiveBook: 3 Games} 11. Nc3 $1 {[%cal Rc3e4]} Bb4 12. Be2 $1 Qd5 $146 ({Predecessor:} 12... Nf6) 13. f3 Bg6 14. O-O Qb7 15. Ne4 ({White should try} 15. Nxb5 $1 $16 Qxb5 16. Qb3 $3 {[%mdl 512]}) 15... Qb6 $2 (15... Nf6 $11 {and Black has nothing to worry.}) 16. b3 $1 $18 {[%cal Rb3c4]} Bxe4 17. fxe4 Bc3 18. Ra8 Nf6 {[#]} 19. Be3 (19. Kh1 $1 $18) 19... O-O (19... Qb7 $16 {was called for.} 20. Ra2 Qxe4) 20. bxc4 bxc4 21. Qb1 (21. Ra4 $18) 21... Bb2 $16 22. Kh1 ({Worse is} 22. Bxc4 Ng4 $15) 22... Qb7 (22... Nbd7 $16 23. Rxf8+ Kxf8) 23. Ra2 $18 c3 {[#]} 24. Bd3 $1 {Black must now prevent e5.} e5 $2 (24... Ng4) 25. dxe5 Nfd7 26. e6 fxe6 27. Rxf8+ Nxf8 28. Ra7 Qc6 29. Qf1 {Intending Qf7+ and mate.} Nbd7 30. Bb5 Qd6 31. Bxd7 Nxd7 32. Ra8+ Nf8 {[#]} 33. e5 $1 {[%mdl 512]} Qe7 (33... Qxe5 34. Rxf8#) 34. Ra7 $40 {[%mdl 128] White is out for blood.} Qe8 35. Bd4 h6 36. h3 {[%cal Bh2h3,Bh3h4][%mdl 32]} Ng6 37. Qf3 Kh7 38. Qf6 {[%csl Ga7][%cal Rf6g7]} ({Much less strong is} 38. Bxc3 $6 Bxc3 39. Qxc3 Qf8 $18) 38... Qg8 39. h4 Bc1 40. Bxc3 Be3 41. Rd7 Nf4 42. Ba5 (42. Rf7 $142) 42... Bc1 $2 (42... Nd3 43. g3 Kh8) 43. Qe7 Kg6 44. Qc5 Qa8 45. Qc2+ {White mates.} Kh5 46. Qd1+ Kxh4 47. Rxg7 {Precision: White = 78%, Black = 37%.} 1-0

[Event "BL 2017-18"]
[Site "Germany"]
[Date "2018.03.11"]
[Round "12"]
[White "Mons, Leon"]
[Black "Almasi, Zoltan"]
[Result "1/2-1/2"]
[WhiteElo "2542"]
[BlackElo "2696"]
[Annotator "TA"]
[PlyCount "51"]
[EventDate "2018.05.24"]
[EventType "team-tourn"]
[EventCountry "GER"]
[SourceTitle "playchess.com"]
[Source "ChessBase"]
[SourceQuality "1"]
[WhiteTeam "Zugzwang Muenchen"]
[BlackTeam "Dresden"]

{[%evp 17,51,14,27,11,24,28,20,31,18,31,20,12,14,14,5,0,0,0,0,-4,17,-13,27,0,0,0,0,0,0,0,0,0,0,0,0,-1]} 1. d4 Nf6 2. Nf3 e6 3. e3 b6 4. c4 Bb7 5. Nc3 Bb4 6. Bd2 O-O 7. Bd3 c5 8. O-O d6 9. Qe2 {E43: Nimzo-Indian: Rubinstein: 4...b6} Nbd7 {LiveBook: 9 Games} 10. Rfd1 (10. Rad1 Qe7 11. a3 Bxc3 12. Bxc3 Ne4 13. Be1 a5 14. Nd2 Nxd2 15. Bxd2 a4 16. Bc3 f5 {1-0 (54) Wang,H (2735)-Kamsky,G (2721) Beijing 2013}) 10... Qe7 11. a3 {White has an edge.} Bxc3 12. Bxc3 Ne4 13. Be1 f5 14. Nd2 Nxd2 $146 ({Predecessor:} 14... e5 15. Nb1 Rae8 16. f3 exd4 17. exd4 cxd4 {1-0 (50) Lahiri,A (2353)-Radovic,S (2185) Paracin 2010}) 15. Bxd2 e5 16. dxc5 Nxc5 17. Bc2 Rf6 18. f3 {[%cal Bf2f3,Bf3f4][%mdl 32]} Raf8 19. Bb4 a5 20. Bxc5 (20. Be1 $5 {[%cal Re1h4]}) 20... dxc5 {The position is equal.} 21. Rd2 e4 22. f4 $1 Rd8 23. Rad1 Rfd6 24. Rxd6 Rxd6 25. Rxd6 Qxd6 26. Qd1 {Precision: White = 78%, Black = 63%.} 1/2-1/2

[Event "BL 2017-18"]
[Site "Germany"]
[Date "2018.03.11"]
[Round "12"]
[White "Kollars, Dmitrij"]
[Black "Kozul, Zdenko"]
[Result "1/2-1/2"]
[WhiteElo "2534"]
[BlackElo "2617"]
[Annotator "TA"]
[PlyCount "68"]
[EventDate "2018.05.24"]
[EventType "team-tourn"]
[EventCountry "GER"]
[SourceTitle "playchess.com"]
[Source "ChessBase"]
[SourceQuality "1"]
[WhiteTeam "Hamburg SK"]
[BlackTeam "SF Deizisau"]

{[%evp 15,68,19,23,20,26,21,35,29,39,53,73,83,82,80,72,79,105,80,81,86,84,74,79,79,96,60,70,64,62,62,54,56,55,44,81,74,75,0,54,42,48,53,45,67,33,0,0,0,0,0,0,0,0,0,5]} 1. e4 c5 2. Nf3 d6 3. Bb5+ Bd7 4. Bxd7+ Qxd7 5. c4 e5 6. Nc3 Nc6 7. d3 Be7 {B52: Sicilian: Moscow Variation with 3...Bd7} 8. O-O Bd8 {LiveBook: 3 Games} 9. a3 Nge7 10. Rb1 (10. b4 cxb4 11. axb4 Nxb4 12. Ba3 Nbc6 13. d4 exd4 14. Nxd4 Nxd4 15. Qxd4 {0-1 (38) Bacrot,E (2708)-Carlsen,M (2832) Paris 2017}) 10... Ba5 11. Nd5 Nxd5 12. exd5 $146 ({Predecessor:} 12. cxd5 Ne7 13. b4 cxb4 14. axb4 {½-½ (45) Belkhodja,S (2436)-Lukov,V (2451) Paris 2003}) 12... Nd4 13. b4 {[#] Strongly threatening Nxd4.} Nxf3+ 14. Qxf3 Bb6 15. Be3 Rc8 16. a4 {[%cal Ba3a4,Ba4a5][%mdl 32]} O-O 17. a5 Bd8 18. bxc5 dxc5 19. Bd2 b6 20. Bc3 Bc7 21. Rfe1 f6 22. h4 {[%cal Bh2h4,Bh4h5][%mdl 32]} Rb8 23. axb6 axb6 24. h5 Bd6 25. Rb5 Bc7 26. Rbb1 Bd6 27. g3 b5 28. cxb5 Rxb5 29. Rxb5 Qxb5 30. Qf5 {[#] Qe6+ is the strong threat.} Rd8 {The position is equal.} 31. Qe6+ Kf8 32. Qf5 Kg8 33. Qe6+ Kf8 34. Qf5 Kg8 {Precision: White = 86%, Black = 75%.} 1/2-1/2

[Event "BL 2017-18"]
[Site "Germany"]
[Date "2018.03.11"]
[Round "12"]
[White "Werle, Jan"]
[Black "Vallejo Pons, Francisco"]
[Result "0-1"]
[WhiteElo "2524"]
[BlackElo "2716"]
[Annotator "TA"]
[PlyCount "68"]
[EventDate "2018.05.24"]
[EventType "team-tourn"]
[EventCountry "GER"]
[SourceTitle "playchess.com"]
[Source "ChessBase"]
[SourceQuality "1"]
[WhiteTeam "Werder Bremen"]
[BlackTeam "Baden-Baden"]

{[%evp 19,68,22,16,0,0,0,0,0,0,0,0,0,0,0,0,-6,0,0,0,0,0,0,0,0,0,-13,0,0,0,0,0,-5,-2,-33,-33,-40,-10,-53,-50,-63,-50,-50,-50,-50,-47,-50,-52,-89,-86,-196,-190]} 1. Nf3 e6 2. c4 c5 3. g3 b6 4. Bg2 Bb7 5. O-O Nf6 6. Nc3 Be7 7. d4 cxd4 8. Qxd4 d6 9. Bg5 O-O 10. Rfd1 Nbd7 {LiveBook: 54 Games} 11. Nd2 {A30: Symmetrical English: Double Fianchetto and Hedgehog} (11. Nb5 d5 12. cxd5 Bxd5 13. Nc3 Bc6 14. Qc4 Qc8 15. Rac1 h6 16. Bxf6 Bxf6 17. e4 Ne5 18. Nxe5 Bxe5 19. f4 Bxc3 20. Qxc3 {½-½ (43) Eljanov,P (2717)-Jakovenko,D (2748) Germany 2015}) 11... Bxg2 12. Kxg2 Qc7 $146 ({Find the theoretical novelty and annotate with similar games:} 12... h6 13. Bxf6 Nxf6 14. Nde4 Nxe4 15. Nxe4 Qc7 16. Rac1 Rfd8 17. b3 {½-½ (17) Bacso,G (2181)-Bencze,L (2292) Hungary 2008}) 13. Nde4 {[%cal Re4d6] The position is equal.} h6 14. Bxf6 Nxf6 15. Rac1 Rfd8 16. b3 a6 17. f3 Ne8 18. Nf2 Qb7 19. a4 Rac8 20. e4 Nf6 {[%cal Be8f6,Bf6d7,Bd7c5][%mdl 32]} 21. Qd3 Nd7 22. Qb1 Nc5 23. h4 Rf8 24. Nd3 Bf6 25. Nxc5 (25. Nf4 {NOTEXT} Rfd8 26. Qc2 Qc7 27. Rb1 Qe7 28. Nfe2) 25... bxc5 26. Ne2 Rc6 {[%cal Bc8c6,Bc6b6,Bb6b4,Bb4b3][%mdl 32]} 27. Rd3 Rb8 28. Qc2 Rb6 {[%cal Rb6b3]} 29. Rb1 Be5 30. a5 Rb4 31. Rdd1 Qc7 32. Qa2 R8b7 33. Nc1 Qb8 34. Nd3 (34. Qc2 $17) 34... Rxb3 {Precision: White = 51%, Black = 81%.} 0-1

[Event "BL 2017-18"]
[Site "Germany"]
[Date "2018.03.11"]
[Round "12"]
[White "Ruck, Robert"]
[Black "Dinstuhl, Volkmar"]
[Result "1/2-1/2"]
[WhiteElo "2521"]
[BlackElo "2386"]
[Annotator "TA"]
[PlyCount "73"]
[EventDate "2018.05.24"]
[EventType "team-tourn"]
[EventCountry "GER"]
[SourceTitle "playchess.com"]
[Source "ChessBase"]
[SourceQuality "1"]
[WhiteTeam "Speyer"]
[BlackTeam "Muelheim"]

{[%evp 30,73,10,16,13,0,0,0,6,1,17,0,0,0,3,0,13,0,14,0,0,1,8,-50,-54,-84,-79,-98,-39,-36,-61,-62,-62,-62,-62,-54,-62,-61,-58,-58,-61,-69,0,-29,0,-40]} 1. Nf3 c5 2. c4 Nf6 3. Nc3 d5 4. cxd5 Nxd5 5. d4 e6 6. e4 Nxc3 7. bxc3 cxd4 8. cxd4 Bb4+ 9. Bd2 Bxd2+ 10. Qxd2 O-O 11. Rc1 b6 {D41: Queen's Gambit Declined: Semi-Tarrasch with 5 cxd5} 12. Bd3 Bb7 (12... Ba6 13. Bxa6 Nxa6 14. O-O Qe7 15. Qe2 Qb7 16. Ne5 Rac8 17. h4 Nb8 18. Nc4 Qa6 19. Rc2 {½-½ (61) So,W (2788)-Dominguez Perez,L (2739) Saint Louis 2017}) 13. O-O Nd7 14. Qe3 Nf6 15. Ne5 Qe7 16. f3 {LiveBook: 5 Games} Rac8 {[#]} 17. Bc4 $146 ({Predecessor:} 17. Bb5 Qd6 18. a4 Rfd8 19. Rfd1 h6 20. h3 Ne8 21. Qf4 Nf6 22. Qe3 Ne8 23. Qf4 Nf6 24. Qe3 {½-½ (24) Peralta,F (2556)-Bogner,S (2586) Lorca 2017}) 17... Rfd8 18. Bb3 h6 19. Rfd1 Ne8 20. Rxc8 Rxc8 21. Qf4 Nf6 22. Nc4 Rd8 23. Qe5 Kf8 24. Ne3 Qb4 25. h3 Qc3 26. Kf2 (26. Nc4 $11) 26... Ba6 $15 27. Ng4 Nxg4+ 28. hxg4 {[#]} Bc4 (28... Kg8 $1 $17) 29. Bxc4 $1 Qxc4 {[%mdl 4096] Endgame KQR-KQR} 30. Rd2 Qc1 31. Ke2 Qg1 32. Qg3 Rc8 33. Qf2 Qb1 34. Qe3 Qh1 35. Qf2 Qb1 36. Qe3 $1 Qh1 37. Qf2 {Precision: White = 62%, Black = 55%.} 1/2-1/2

[Event "BL 2017-18"]
[Site "Germany"]
[Date "2018.03.11"]
[Round "12"]
[White "Schneider, Ilja"]
[Black "Schneider, Stefan"]
[Result "1-0"]
[WhiteElo "2519"]
[BlackElo "2402"]
[Annotator "TA"]
[PlyCount "45"]
[EventDate "2018.05.24"]
[EventType "team-tourn"]
[EventCountry "GER"]
[SourceTitle "playchess.com"]
[Source "ChessBase"]
[SourceQuality "1"]
[WhiteTeam "SFR Berlin"]
[BlackTeam "Bayern Muenchen"]

{[%evp 17,45,43,39,17,25,18,25,11,12,21,31,41,34,20,60,54,99,98,108,102,107,91,84,42,41,0,88,77,528,522]} 1. d4 e6 2. g3 Nf6 3. Bg2 c5 4. Nf3 cxd4 5. O-O Nc6 6. Nxd4 Qb6 7. Nb3 d5 8. Nc3 Be7 {A46: 1 d4 Nf6 2 Nf3 e6: Torre, London and Colle Systems} 9. e4 (9. a4 Na5 10. Nxa5 Qxa5 11. e4 dxe4 12. Nxe4 Nxe4 13. Bxe4 O-O 14. Qd3 Rd8 15. Qb5 Qxb5 16. axb5 {1-0 (75) Demidov,M (2498)-Vavulin,M (2398) Moscow 2014}) 9... dxe4 {LiveBook: 5 Games} 10. Be3 Qc7 {The position is equal.} 11. Nxe4 O-O 12. Nxf6+ Bxf6 13. c3 e5 $146 ({Predecessor:} 13... b6 14. Qe2 Bb7 15. a4 Ne5 16. Bxb7 Qxb7 {0-1 (26) Kekki,J (2230)-Granthal,R Finland 1997}) 14. Nc5 Be7 15. Qa4 Rb8 16. Rfd1 Na5 {[#]} 17. b4 $1 Nc4 18. Qxa7 Nxe3 19. fxe3 Bg5 20. Ne4 Be7 21. Nc5 {Hoping for Na6!} Bg5 $1 {[#]} 22. Re1 $1 {Strongly threatening Na6!} Qd6 $2 {[%mdl 8192]} (22... Bd8 $16 {is a better chance.}) 23. Ne4 {Precision: White = 61%, Black = 44%.} 1-0

[Event "BL 2017-18"]
[Site "Germany"]
[Date "2018.03.11"]
[Round "12"]
[White "Heinemann, Thies"]
[Black "Keymer, Vincent"]
[Result "1/2-1/2"]
[WhiteElo "2508"]
[BlackElo "2403"]
[Annotator "TA"]
[PlyCount "95"]
[EventDate "2018.05.24"]
[EventType "team-tourn"]
[EventCountry "GER"]
[SourceTitle "playchess.com"]
[Source "ChessBase"]
[SourceQuality "1"]
[WhiteTeam "Hamburg SK"]
[BlackTeam "SF Deizisau"]

{[%evp 21,95,-29,-26,-40,-15,-32,0,0,0,-28,-20,-23,-25,-67,-24,-18,-43,-105,-109,-132,-130,-149,-120,-103,-136,-118,-115,-134,-125,-102,-123,-121,-108,-150,-102,-93,0,-2,0,0,0,0,0,0,20,44,114,114,394,381,422,399,378,341,334,331,332,329,314,212,201,0,0,-96,0,0,0,0,0,0,0,0,0,0,0,0]} 1. e4 c5 2. Nf3 e6 3. d3 Nc6 4. g3 Nf6 5. Bg2 d5 6. Qe2 Be7 7. O-O O-O 8. e5 Nd7 9. c4 a6 {C00: French: Unusual White 2nd moves} (9... d4 10. Re1 Rb8 11. h4 b5 12. cxb5 Rxb5 13. Na3 Rb8 14. Nc4 Nb6 15. b3 Nxc4 16. bxc4 Rb6 17. Ng5 {1-0 (32) Carlsen,M (2837)-Ding,L (2774) Saint Louis 2017}) 10. h4 b5 11. Bf4 Nb6 {[%cal Rb5c4] LiveBook: 3 Games. Black has an edge.} 12. b3 {[%cal Bb2b3,Bb3c4][%mdl 32]} bxc4 $146 ({Predecessor:} 12... f5 13. Nbd2 Bd7 14. h5 Be8 15. h6 g5 16. cxd5 Nxd5 17. Be3 {0-1 (44) Uribe Arteaga,D (2233)-Vehi Bach,V (2405) Barbera del Valles 2010}) 13. bxc4 a5 14. Nc3 Ba6 {[%cal Rd5c4]} 15. Rfd1 Nd4 16. Nxd4 cxd4 17. cxd5 exd5 18. Nb1 Na4 $36 {[%mdl 2048] White is under pressure.} 19. Qg4 (19. e6 $15) 19... Bc8 $17 20. Qf3 Be6 21. Nd2 Qd7 22. Nb3 Nc3 {...Bg4 is the strong threat.} 23. Re1 Qa7 $1 24. Bg5 Bxg5 25. hxg5 {White wants to play Qf4.} a4 $1 {[%cal Ra4b3]} 26. Nc1 Rab8 {[%cal Ba8b8,Bb8b2,Bb2d2][%mdl 32]} 27. a3 Rb2 28. Ne2 Rfb8 (28... Nxe2+ $17 29. Rxe2 Rb3) 29. Nf4 $11 Qd7 {And now ...Rd2 would win.} 30. Qh5 $1 Rd2 31. Bf3 Rbb2 32. Rf1 Bf5 33. Qh4 g6 (33... Qe8 $14) 34. Rae1 $1 $16 Qc6 $2 {[%mdl 8192] [#]} (34... Bxd3 35. e6 $17) (34... Be6 $16) 35. e6 $1 $18 {[%cal Re6f7][%mdl 512]} fxe6 (35... Bxe6 36. Nxe6) 36. Bg4 $1 Qd7 37. Rxe6 Ne2+ 38. Rxe2 Bxg4 39. Re5 Bf3 40. Rfe1 Rb8 41. Ne6 $2 (41. Re7 $2 Qxe7 $1 {[%mdl 512]} 42. Ra1 Rbb2 $19) (41. Qh6 $18 Qf7 42. Kf1 (42. Re7 $2 Qxe7 43. Ra1 Rdb2 $19)) 41... Re8 $1 $11 {[%cal Re8e6] White must now prevent ...Rxe6!} 42. Rb1 {[#]} (42. Qxd4 $2 Rxe6 $1 {[%mdl 512]} 43. Qe3 (43. Rxe6 $2 Qxe6 44. Qa1 Ra2 $19) 43... Rxe5 $19) (42. Qf4 $11 {keeps the balance.} Rxe6 43. Qxd2 (43. Rxe6 Qxe6 44. Qxd2 Qh3 $11) 43... Rxe5 44. Rxe5) 42... Qb5 $1 {[%mdl 512]} 43. Rbe1 {The position is equal.} (43. Rxb5 $2 Rd1+ 44. Re1 Rxe1+ 45. Kh2 Rh1#) 43... Qd7 {aiming for ...Rxe6!} (43... Rxd3 $2 44. Qf4 $18) ({Weaker is} 43... Qxd3 44. Qh6 Qf1+ 45. Kxf1 Be2+ 46. R5xe2 Rxe6 47. Rxe6 Rxf2+ 48. Kxf2 Kf7 49. Qxh7+ Kf8 50. Rf6#) 44. Qf4 ({Wrong is} 44. Qxd4 $2 {[#]} Rxe6 $1 {[%mdl 512]} 45. Qe3 (45. Rxe6 $2 {too greedy.} Qxe6 46. Qa1 Qh3 $19) 45... Rxe5 $19) 44... Rxe6 $1 45. Qxf3 Rxe5 46. Rxe5 {Threatens to win with Qf6.} Qf7 47. Qxd5 Qxd5 48. Rxd5 {Precision: White = 63%, Black = 57%.} 1/2-1/2

[Event "BL 2017-18"]
[Site "Germany"]
[Date "2018.03.11"]
[Round "12"]
[White "Hausrath, Daniel"]
[Black "Yankelevich, Lev"]
[Result "1/2-1/2"]
[WhiteElo "2503"]
[BlackElo "2437"]
[Annotator "TA"]
[PlyCount "73"]
[EventDate "2018.05.24"]
[EventType "team-tourn"]
[EventCountry "GER"]
[SourceTitle "playchess.com"]
[Source "ChessBase"]
[SourceQuality "1"]
[WhiteTeam "Muelheim"]
[BlackTeam "Speyer"]

{[%evp 12,73,7,0,13,0,9,0,7,15,32,31,29,25,16,19,20,19,26,18,43,43,46,50,49,45,56,52,56,56,56,56,56,56,52,45,41,44,42,28,30,29,25,-7,33,35,43,36,40,31,44,31,71,24,39,37,45,45,47,41,87,0,52,50]} 1. Nf3 d5 2. g3 g6 3. Bg2 Bg7 4. d4 Nf6 5. O-O O-O 6. c3 a5 {D02: 1 d4 d5 2 Nf3 sidelines, including 2...Nf6 3 g3 and 2...Nf6 3 Bf4} (6... c6 7. Nbd2 Nbd7 8. Re1 c5 9. a4 cxd4 10. cxd4 a5 11. Nb1 Nb8 12. Nc3 Nc6 13. Ne5 Bf5 14. Bg5 Nb4 15. Rc1 Ne4 16. Be3 Nxc3 17. bxc3 {1-0 (28) Kramnik,V (2800)-Dubov,D (2701) Moscow 2018}) 7. a4 {LiveBook: 6 Games} Bf5 8. Bf4 Nc6 $146 {The position is equal.} ({Predecessor:} 8... Nh5 9. Be3 Nc6 10. h3 Nf6 11. Nbd2 Ne4 12. g4 Nxd2 13. Nxd2 Bc8 14. f4 {1-0 (41) Meier,G (2648)-Yankelevich,L (2413) Germany 2017}) 9. Na3 Nh5 10. Be3 Be4 11. Bh3 Bxf3 12. exf3 e6 13. Re1 Nf6 14. Qb3 Qd7 15. Re2 Ra6 16. Nc2 {[%cal Ba3c2,Bc2e1,Be1d3,Bd3e5][%mdl 32]} Rb6 17. Qa2 Ne7 18. Ne1 Ra6 19. Nd3 {And now Nc5 would win.} Qc8 20. Rae1 Nd7 21. Bg5 Bf6 22. Bxf6 Nxf6 23. Qa3 Rd6 24. Ne5 Qd8 25. Qa1 Nd7 26. Nd3 b6 27. Qc1 Nc6 28. Bg2 Kg7 29. h4 h5 30. Bh3 Qf6 31. Kg2 Ne7 32. Re5 Nc6 33. Rg5 Rh8 34. Nf4 Nf8 35. Rge5 Nd8 {[#]} 36. Qd2 (36. b4 $1 $16) 36... Nd7 (36... c5 $11) 37. Qd3 {Precision: White = 59%, Black = 51%.} 1/2-1/2

[Event "BL 2017-18"]
[Site "Germany"]
[Date "2018.03.11"]
[Round "12"]
[White "Feygin, Michael"]
[Black "Nemeth, Miklos"]
[Result "1/2-1/2"]
[WhiteElo "2499"]
[BlackElo "2489"]
[Annotator "TA"]
[PlyCount "42"]
[EventDate "2018.05.24"]
[EventType "team-tourn"]
[EventCountry "GER"]
[SourceTitle "playchess.com"]
[Source "ChessBase"]
[SourceQuality "1"]
[WhiteTeam "Muelheim"]
[BlackTeam "Speyer"]

{[%evp 19,42,-6,-15,-29,-18,-32,-16,-85,-78,-81,-74,-122,-120,-122,-122,-129,-126,-129,-121,-120,-120,-122,-122,-114,-103]} 1. e4 e5 2. Nf3 Nc6 3. Bb5 a6 4. Bxc6 dxc6 5. O-O Bg4 6. h3 h5 7. d3 Qf6 8. Be3 Bxf3 9. Qxf3 Qxf3 10. gxf3 Bd6 {LiveBook: 172 Games} 11. Kg2 {C68: Ruy Lopez: Exchange Variation, sidelines} Ne7 {[%cal Bg8e7,Be7g6,Bg6f8,Bf8e6][%mdl 32]} 12. Rg1 f6 13. c4 $146 (13. Nd2 $11 {keeps the balance.}) ({Predecessor:} 13. Nd2 Kf7 14. h4 Ng6 15. Kh3 Nf8 16. d4 exd4 17. Bxd4 Ne6 18. Be3 Rad8 {½-½ (26) Macieja,B (2615)-Adams,M (2745) Germany 2003}) 13... Ng6 {Black is better.} 14. Kf1 Kf7 15. Nd2 c5 16. Nb3 b6 17. Rd1 Nf8 18. Nc1 Ne6 19. Ne2 Rad8 20. Ke1 Rd7 21. Kd2 Rhd8 {Precision: White = 46%, Black = 82%.} 1/2-1/2